000 00296nam a22001337a 4500
999 _c55018
_d55018
008 200205b ||||| |||| 00| 0 eng d
041 _aeng
080 _2043.3
_a043.3
082 _a043.3
100 _a0
101 _aBTH
245 _aShmangia dhe Evazioni Fiskal
_cPula,Rr
942 _2udc
_cBK